[Event "DSOL 07 Liga Gr-D 1st"]
[Site "Playchess.com INT"]
[Date "2020.08.05"]
[Round "7.3"]
[White "Baumgarten, Otto"]
[Black "Leipelt, Mario"]
[Result "1-0"]
[WhiteElo "1531"]
[BlackElo "1335"]
[PlyCount "93"]
[EventDate "2020.06.22"]
[EventType "team-tourn (rapid)"]
[EventCountry "GER"]
[SourceTitle "EXT 2021"]
[Source "ChessBase"]
[SourceDate "2020.10.23"]
[SourceVersion "1"]
[SourceVersionDate "2020.10.23"]
[SourceQuality "1"]
[WhiteTeam "Alzenau Koenigsspringer II"]
[BlackTeam "Barnim"]
[WhiteTeamCountry "GER"]
[BlackTeamCountry "GER"]

1. e4 e5 2. f4 d6 3. Nf3 Nc6 4. Bc4 Be7 5. 0-0 h6 6. fxe5 dxe5 7. c3 Nf6 8. d3 0-0 9. Kh1 Na5 10. Nxe5 Nxc4 11. Nxc4 Be6 12. Ne3 Qd7 13. Nf5 Bxf5 14. Rxf5 Rad8 15. d4 Nxe4 16. Qf3 Nd6 17. Rh5 Bf6 18. Bxh6 gxh6 19. Qxf6 Qe6 20. Qe5 Kh7 21. Nd2 Rg8 22. Qxe6 fxe6 23. Re1 Rde8 24. Rhe5 Rg6 25. d5 Nf7 26. Rxe6 Rexe6 27. Rxe6 Rxe6 28. dxe6 Nd6 29. e7 Kg7 30. Ne4 Ne8 31. Nc5 b6 32. Ne6+ Kf7 33. Nd8+ Kxe7 34. Nc6+ Kd6 35. Nxa7 Nf6 36. Nb5+ Kc6 37. Nd4+ Kd6 38. Nf5+ Kc6 39. Nxh6 Ne4 40. g4 Nf2+ 41. Kg2 Ne4 42. h4 Nf6 43. Kf3 Kd6 44. g5 Nh5 45. Kg4 Ng7 46. Nf5+ Nxf5 47. Kxf5 1-0

[Event "DSOL 07 Liga Gr-D 1st"]
[Site "Playchess.com INT"]
[Date "2020.07.31"]
[Round "6.3"]
[White "Leipelt, Mario"]
[Black "Greve, Stefanie"]
[Result "1-0"]
[WhiteElo "1335"]
[BlackElo "1348"]
[PlyCount "35"]
[EventDate "2020.06.22"]
[EventType "team-tourn (rapid)"]
[EventCountry "GER"]
[SourceTitle "EXT 2021"]
[Source "ChessBase"]
[SourceDate "2020.10.23"]
[SourceVersion "1"]
[SourceVersionDate "2020.10.23"]
[SourceQuality "1"]
[WhiteTeam "Barnim"]
[BlackTeam "Lachendorf"]
[WhiteTeamCountry "GER"]
[BlackTeamCountry "GER"]

1. e4 e6 2. Nf3 d5 3. exd5 exd5 4. d4 Bd6 5. Nc3 c6 6. Bd3 Ne7 7. 0-0 Bf5 8. Bxf5 Nxf5 9. Re1+ Be7 10. Bf4 0-0 11. Qd3 Nh4 12. Re2 Ng6 13. Bd2 Nd7 14. Rae1 h6 15. Bc1 Re8 16. Na4 Nf6 17. Nc3 Nf4 18. Bxf4 1-0